| 000 | 00418nam a22001697a 4500 | ||
|---|---|---|---|
| 999 |
_c525686 _d525686 |
||
| 003 | NUST | ||
| 020 | _qH/B | ||
| 038 | _awaseem | ||
| 082 |
_a891.421 _bNOR |
||
| 100 |
_aNoor-ul-Nissa _916630 |
||
| 245 |
_aShama-e-Ishq / _cNoor-ul-Nissa |
||
| 260 |
_aJhelum : _bSagri Sharif, _c[S.L]. |
||
| 300 | _a954 p. ; | ||
| 880 |
_6100-01\r _aنُور النساھ |
||
| 880 |
_6245-02\r _aشمعِ عشق / |
||
| 942 |
_2ddc _cBK |
||